000 00445nam a22001817a 4500
005 20241017104716.0
008 241017b |||||||| |||| 00| 0 eng d
020 _a9789695900604
082 _a610
_bSAR-T
100 _aSarfraz Sakhira
245 _aTibbi Encyclopedia Amraz wo Sehat-9 /
260 _aPakistan
_bPunjab school
_c2012
300 _a88p.
_bill;
_c27cm.
490 _vvol-9
650 _aReference
999 _c36677
_d36677